| 000 -LEADER |
| fixed length control field |
00504cam a2200169 i 4500 |
| 008 - FIXED-LENGTH DATA ELEMENTS--GENERAL INFORMATION |
| fixed length control field |
130131s2014 nyuab j 000 0 eng |
| 010 ## - LIBRARY OF CONGRESS CONTROL NUMBER |
| LC control number |
2012050862 |
| 020 ## - INTERNATIONAL STANDARD BOOK NUMBER |
| International Standard Book Number |
9781442473287 (trade pbk.) |
| 020 ## - INTERNATIONAL STANDARD BOOK NUMBER |
| Canceled/invalid ISBN |
9781442473294 (ebook) |
| 050 00 - LIBRARY OF CONGRESS CALL NUMBER |
| Classification number |
G133 |
| Item number |
.J47 2014 |
| 082 00 - DEWEY DECIMAL CLASSIFICATION NUMBER |
| Classification number |
910 |
| Edition number |
23 |
| 100 1# - MAIN ENTRY--PERSONAL NAME |
| Personal name |
Jennings, Ken, |
| Dates associated with a name |
1974- |
| 245 10 - TITLE STATEMENT |
| Title |
Maps and geography / |
| Statement of responsibility, etc. |
by Ken Jennings ; illustrated by Mike Lowery. |
| 250 ## - EDITION STATEMENT |
| Edition statement |
First edition. |
| 300 ## - PHYSICAL DESCRIPTION |
| Extent |
160 pages : |
| Other physical details |
illustrations, maps ; |
| Dimensions |
20 cm. |
| 942 ## - ADDED ENTRY ELEMENTS (KOHA) |
| Source of classification or shelving scheme |
|